000 00835nam a2200205 a 4500
003 0
005 20250305105214.0
008 101013s19uu xx 00 eng d
050 _aPHS PE 1128.A2
_b.T78 2010
100 _aTsukamoto, Nobuyuki.
245 _aThe relationship of reading strategies and TOEIC of high school ESL track students /
_cNobuyuki Tsukamoto.
260 _aLas PiƱas City, Philippines :
_bSouthville International School and Colleges,
_c2010.
300 _aunpaged :
_billustrations ;
_c30 cm.
504 _aIncludes bibliographical references.
650 _aEnglish language
_xStudy and teaching
_vForeign speakers.
650 _aTest of English for International Communication (TOEIC).
650 _aEnglish language
_xExaminations.
650 _aReading comprehension
_xStudy and teaching.
942 _2lcc
_cPASS
999 _c98410
_d98410